Food and nutrition ; (Record no. 15370)
[ view plain ]
| 000 -LEADER | |
|---|---|
| fixed length control field | 00842cam a22002771 4500 |
| 001 - CONTROL NUMBER | |
| control field | 15370 |
| 003 - CONTROL NUMBER IDENTIFIER | |
| rucl marc code | BD-RjUL |
| 005 - DATE AND TIME OF LATEST TRANSACTION | |
| control field | 20211208235813.0 |
| 008 - FIXED-LENGTH DATA ELEMENTS--GENERAL INFORMATION | |
| fixed length control field | 140210s1970 1967 nyua b 000 0 eng |
| 035 ## - SYSTEM CONTROL NUMBER | |
| System control number | (BD-RjUL)15424 |
| 040 ## - CATALOGING SOURCE | |
| Original cataloging agency | DLC |
| Transcribing agency | DLC |
| Modifying agency | BD-RjUL |
| Language of cataloging | eng |
| 041 ## - LANGUAGE CODE | |
| Language code of text/sound track or separate title | eng |
| 082 00 - DEWEY DECIMAL CLASSIFICATION NUMBER | |
| Classification number | 641.3 |
| Author mark and year | FOO 1970 |
| 245 10 - TITLE STATEMENT | |
| Title | Food and nutrition ; |
| Statement of responsibility, etc. | by William H. Sebrell, Jr., James J. Haggerty, and the editors of Life. |
| 260 ## - PUBLICATION, DISTRIBUTION, ETC. (IMPRINT) | |
| Place of publication, distribution, etc. | New York : |
| Name of publisher, distributor, etc. | Time inc , |
| Date of publication, distribution, etc. | 1967 [Reprinted 1970] |
| 300 ## - PHYSICAL DESCRIPTION | |
| Pagination | 200 p. : |
| Illustrations | illus. (part col.) ; |
| Size | 28 cm. |
| 504 ## - BIBLIOGRAPHY, ETC. NOTE | |
| Bibliography, etc | Bibliography: p. 196. |
| 650 #0 - SUBJECT ADDED ENTRY--TOPICAL TERM | |
| Topical term or geographic name as entry element | Nutrition. |
| 9 (RLIN) | 47763 |
| Topical term or geographic name as entry element | Food. |
| 9 (RLIN) | 47764 |
| 700 1# - ADDED ENTRY--PERSONAL NAME | |
| Personal name | Sebrell, William H. |
| 942 ## - ADDED ENTRY ELEMENTS (KOHA) | |
| Source of classification or shelving scheme | Dewey Decimal Classification |
| Koha item type | Books |
| Lost status | Source of classification or shelving scheme | Damaged status | Not for loan | Collection code | Permanent Location | Current Location | Shelving location | Date acquired | Source of acquisition | Cost, normal purchase price | Total Checkouts | Full call number | Date last seen | Copy number | Koha item type |
|---|---|---|---|---|---|---|---|---|---|---|---|---|---|---|---|
| Dewey Decimal Classification | Non-fiction | Central Library, University of Rajshahi | Central Library, University of Rajshahi | 15/07/1986 | Zeitlinger | 0.00 | 641.3 FOO 1970 | 10/02/2014 | C-5 | Books |